000 00328cam a2200133ua 4500
003 OSt
008 250108b |||||||| |||| 00| 0 eng d
082 _a621.384
_bSON/SE
245 _aService Notes on Transistery Receivers /
250 _a /
260 _aJapan :
_bSony Corporation ,
_c1961.
300 _a26 ; .
942 _cBK
999 _c3177
_d3177